| 000 | 00891cam a2200289 4500 | ||
|---|---|---|---|
| 999 |
_c10018 _d10018 |
||
| 001 | 10018 | ||
| 003 | BD-JhCC | ||
| 005 | 20180404122529.0 | ||
| 008 | 180404s1972 enk b 001 0 eng | ||
| 020 |
_a0333074084 _a0333011279 (pbk.) |
||
| 035 | _a(BD-JhCC)10018 | ||
| 040 |
_aDLC _cDLC _dDLC _dBD-JhCC |
||
| 041 | _aeng | ||
| 050 | 0 | 0 |
_aPR5869.L93 _bJ6 |
| 082 | 0 | 0 |
_a821/.7 _bJON 1972 |
| 100 | 1 |
_aJones, Alun R. _q(Alun Richard), |
|
| 245 | 1 | 0 |
_aWordsworth "Lyrical Ballads"; / _ca casebook edited by Alun R. Jones and William Tydeman. |
| 260 |
_aLondon : _bMacmillan, _c1972. |
||
| 300 |
_a253 p. _c20 cm. |
||
| 350 | _a£2.00 | ||
| 490 | 0 | _aCasebook series | |
| 504 | _aBibliography: p. [245]-247. | ||
| 600 | 1 | 0 |
_aWordsworth, William, _d1770-1850. _tLyrical ballads _xExaminations _xStudy guides. |
| 700 | 1 | _aTydeman, William, | |
| 942 |
_2ddc _cREF |
||